|
|
|
|
| LEADER |
00000njm a2200000 4500 |
| 001 |
vtls012245213 |
| 003 |
SK-MaSNL |
| 005 |
20260301214114.0 |
| 007 |
sd uuuuuuuuuuu |
| 008 |
231201s2023 xo uunu u slo |
| 028 |
2 |
2 |
|a HC 10042
|b Hudobné centrum
|
| 028 |
2 |
2 |
|a R35 0032-2-131
|b SOZA BIEM
|
| 040 |
|
|
|a SNK
|b slo
|c SNK
|e rda
|
| 041 |
0 |
|
|a slo
|
| 044 |
|
|
|a xo
|c SK
|
| 100 |
1 |
|
|a Šrámek, Luboš,
|d 1977-
|4 aut
|9 114621
|
| 245 |
1 |
0 |
|a White dream
|c Ľuboš Šrámek & his E.E. Artsemble ; featuring Peter Erskine
|
| 264 |
|
1 |
|a Bratislava
|b Hudobné centrum
|c [2023]
|
| 300 |
|
|
|a 1 audiodisk
|e 1 brožúra
|
| 336 |
|
|
|a hraná hudba
|b prm
|2 rdacontent
|
| 337 |
|
|
|a audio
|b s
|2 rdamedia
|
| 338 |
|
|
|a audiodisk
|b sd
|2 rdacarrier
|
| 700 |
1 |
|
|a Erskine, Peter
|4 aut
|9 601998
|
| 999 |
|
|
|c 923749
|d 925679
|
| 952 |
|
|
|t 1
|a SNK
|b SNK
|c SNK_KF
|y PREZ
|7 8
|p 17A1539957
|o snkSCD 6537
|i snk2023/17585
|8 0
|3 Obsahuje prílohu: 1 brožúra
|z Obsahuje prílohu: 1 brožúra
|0 0
|1 0
|4 0
|d 2023-12-01
|l 0
|r 2026-02-24 08:23:40
|w 2026-02-24
|
| 952 |
|
|
|t 1
|a SNK
|b SNK
|c SNK_KF
|y PREZ
|7 8
|p 17A1539958
|o snkSCD 6537/príl.
|i snk2023/17585
|8 0
|z Príloha: 1 brožúra
|0 0
|1 0
|4 0
|d 2023-12-01
|l 0
|r 2026-02-24 08:23:40
|w 2026-02-24
|